<?xml version="1.0" encoding="UTF-8"?>
<record
    xmlns:xsi="http://www.w3.org/2001/XMLSchema-instance"
    xsi:schemaLocation="http://www.loc.gov/MARC21/slim http://www.loc.gov/standards/marcxml/schema/MARC21slim.xsd"
    xmlns="http://www.loc.gov/MARC21/slim">

  <leader>00938nam a22002177a 4500</leader>
  <datafield tag="999" ind1=" " ind2=" ">
    <subfield code="c">181303</subfield>
    <subfield code="d">181303</subfield>
  </datafield>
  <controlfield tag="005">20210907164109.0</controlfield>
  <datafield tag="010" ind1=" " ind2=" ">
    <subfield code="a">   ENG-129896  -98</subfield>
  </datafield>
  <datafield tag="020" ind1=" " ind2=" ">
    <subfield code="a">978-93-9121-112-7</subfield>
    <subfield code="c">7995.00( vol.3)</subfield>
  </datafield>
  <datafield tag="035" ind1=" " ind2=" ">
    <subfield code="a">  EN-113428 -30</subfield>
  </datafield>
  <datafield tag="037" ind1=" " ind2=" ">
    <subfield code="b">DBAD/PUB</subfield>
  </datafield>
  <datafield tag="082" ind1=" " ind2=" ">
    <subfield code="a">347.540502468</subfield>
  </datafield>
  <datafield tag="100" ind1=" " ind2=" ">
    <subfield code="a">Joseph,Justice Kurian</subfield>
  </datafield>
  <datafield tag="245" ind1=" " ind2=" ">
    <subfield code="a">The code of civil procedure:</subfield>
    <subfield code="c">Justice Kurian Joseph, Namit Saxene</subfield>
    <subfield code="b">Including the commercial cours,Commercial division and commercial  Appellate Division of high courts act,2015/</subfield>
  </datafield>
  <datafield tag="250" ind1=" " ind2=" ">
    <subfield code="a">12th ed.</subfield>
  </datafield>
  <datafield tag="260" ind1=" " ind2=" ">
    <subfield code="b">Lexis Nexis</subfield>
    <subfield code="a">India</subfield>
    <subfield code="c">2018</subfield>
  </datafield>
  <datafield tag="270" ind1=" " ind2=" ">
    <subfield code="b">Gurgaon</subfield>
    <subfield code="e">122002</subfield>
    <subfield code="a">14th Floor , Building No 10, Tower-B, DLF Cyber City, phase -ll</subfield>
    <subfield code="k">+91 124 4774444</subfield>
    <subfield code="l">+91 124 4774100</subfield>
    <subfield code="m">help.in@lexisnexis.com</subfield>
  </datafield>
  <datafield tag="300" ind1=" " ind2=" ">
    <subfield code="a">v.p.</subfield>
    <subfield code="c">25cm(hbk)</subfield>
    <subfield code="b">vol.1-3</subfield>
  </datafield>
  <datafield tag="500" ind1=" " ind2=" ">
    <subfield code="a">vol.1(section 1to58)
vol.2(orders I to xxii)
vol.3(orders xxiii to Ll)
</subfield>
  </datafield>
  <datafield tag="700" ind1=" " ind2=" ">
    <subfield code="a">Saxena,Namit</subfield>
  </datafield>
  <datafield tag="942" ind1=" " ind2=" ">
    <subfield code="2">ddc</subfield>
    <subfield code="c">EN</subfield>
    <subfield code="h">347.540502468</subfield>
    <subfield code="m">JOS</subfield>
  </datafield>
  <datafield tag="952" ind1=" " ind2=" ">
    <subfield code="0">0</subfield>
    <subfield code="1">0</subfield>
    <subfield code="3">vol.1</subfield>
    <subfield code="4">0</subfield>
    <subfield code="7">0</subfield>
    <subfield code="8">REF</subfield>
    <subfield code="a">L</subfield>
    <subfield code="b">L</subfield>
    <subfield code="d">2021-09-07</subfield>
    <subfield code="e">DBAD/PUB</subfield>
    <subfield code="g">2665.00</subfield>
    <subfield code="l">0</subfield>
    <subfield code="o">347.540502468 JOS</subfield>
    <subfield code="p">EN-113428</subfield>
    <subfield code="r">2021-09-07 00:00:00</subfield>
    <subfield code="t">1</subfield>
    <subfield code="v">2665.00</subfield>
    <subfield code="y">EN</subfield>
  </datafield>
  <datafield tag="952" ind1=" " ind2=" ">
    <subfield code="0">0</subfield>
    <subfield code="1">0</subfield>
    <subfield code="3">vol.2</subfield>
    <subfield code="4">0</subfield>
    <subfield code="7">0</subfield>
    <subfield code="8">REF</subfield>
    <subfield code="a">L</subfield>
    <subfield code="b">L</subfield>
    <subfield code="d">2021-09-07</subfield>
    <subfield code="e">DBAD/PUB</subfield>
    <subfield code="g">2665.00</subfield>
    <subfield code="l">0</subfield>
    <subfield code="o">347.540502468 JOS</subfield>
    <subfield code="p">EN-113429</subfield>
    <subfield code="r">2021-09-07 00:00:00</subfield>
    <subfield code="t">1</subfield>
    <subfield code="v">2665.00</subfield>
    <subfield code="y">EN</subfield>
  </datafield>
  <datafield tag="952" ind1=" " ind2=" ">
    <subfield code="0">0</subfield>
    <subfield code="1">0</subfield>
    <subfield code="3">vol.3</subfield>
    <subfield code="4">0</subfield>
    <subfield code="7">0</subfield>
    <subfield code="8">REF</subfield>
    <subfield code="a">L</subfield>
    <subfield code="b">L</subfield>
    <subfield code="d">2021-09-07</subfield>
    <subfield code="e">DBAD/PUB</subfield>
    <subfield code="g">2665.00</subfield>
    <subfield code="l">0</subfield>
    <subfield code="o">347.540502468 JOS</subfield>
    <subfield code="p">EN-113430</subfield>
    <subfield code="r">2021-09-07 00:00:00</subfield>
    <subfield code="t">1</subfield>
    <subfield code="v">2665.00</subfield>
    <subfield code="y">EN</subfield>
  </datafield>
</record>
